Online katalóg knižníc regiónu Turca

Nikdy nie je neskoro na dlhý život (Record no. 22365)

MARC details
000 -LEADER
fixed length control field 02285nam a2200613 a 4500
001 - CONTROL NUMBER
control field 22365
003 - CONTROL NUMBER IDENTIFIER
control field VRT
005 - DATE AND TIME OF LATEST TRANSACTION
control field 20260326153934.0
008 - FIXED-LENGTH DATA ELEMENTS--GENERAL INFORMATION
fixed length control field 240314s2009 xo o g 001 0 slo
015 ## - NATIONAL BIBLIOGRAPHY NUMBER
National bibliography number SNBA2010/04-01951
020 ## - INTERNATIONAL STANDARD BOOK NUMBER
International Standard Book Number 9788080970314
Qualifying information (viaz.)
035 ## - SYSTEM CONTROL NUMBER
System control number urn:nbn:sk:snk-am00cmz0
035 ## - SYSTEM CONTROL NUMBER
System control number urn:nbn:sk:snk-am3h7v4
035 ## - SYSTEM CONTROL NUMBER
System control number F3BC00E0-733B-453C-97B9-EC98E6D896E3
039 #9 - LEVEL OF BIBLIOGRAPHIC CONTROL AND CODING DETAIL [OBSOLETE]
Level of rules in bibliographic description 202403141553
Level of effort used to assign nonsubject heading access points VLOAD
Level of effort used to assign subject headings 202202271353
Level of effort used to assign classification AUTHORITY
Level of effort used to assign subject headings 201905311155
Level of effort used to assign classification AUTHORITY
Level of effort used to assign subject headings 201811301408
Level of effort used to assign classification VLOAD
040 ## - CATALOGING SOURCE
Original cataloging agency SNK
Language of cataloging slo
Transcribing agency SNK
Description conventions AACR2
041 1# - LANGUAGE CODE
Language code of text/sound track or separate title slo
Language code of original eng
044 ## - COUNTRY OF PUBLISHING/PRODUCING ENTITY CODE
MARC country code xo
ISO country code SK
072 #7 - SUBJECT CATEGORY CODE
Subject category code 613
Subject category code subdivision Hygiena. Ľudské zdravie
Source konspekt
080 ## - UNIVERSAL DECIMAL CLASSIFICATION NUMBER
Universal Decimal Classification number 612.67
Edition identifier 2001
080 ## - UNIVERSAL DECIMAL CLASSIFICATION NUMBER
Universal Decimal Classification number 613
Edition identifier 2001
080 ## - UNIVERSAL DECIMAL CLASSIFICATION NUMBER
Universal Decimal Classification number 613.72
Edition identifier 2001
080 ## - UNIVERSAL DECIMAL CLASSIFICATION NUMBER
Universal Decimal Classification number 612.68
Edition identifier 2001
080 ## - UNIVERSAL DECIMAL CLASSIFICATION NUMBER
Universal Decimal Classification number (0.062)
Edition identifier 2001
100 1# - MAIN ENTRY--PERSONAL NAME
Personal name Harrar, Sarí
Relationship aut
240 10 - UNIFORM TITLE
Uniform title Long life prescription
Language of a work Slovensky
245 10 - TITLE STATEMENT
Title Nikdy nie je neskoro na dlhý život
Remainder of title založené na viac ako 500 klinických štúdiách : rýchle a jednoduché spôsoby, ako si v každom veku udržať zdravie a energiu
Statement of responsibility, etc. [Sarí Harrar, Debra Gordon ; fotografie: Jill Wachter ; z anglického originálu preložila Miriam Ghaniová]
250 ## - EDITION STATEMENT
Edition statement 1. vyd.
260 ## - PUBLICATION, DISTRIBUTION, ETC.
Place of publication, distribution, etc. Bratislava
Name of publisher, distributor, etc. Reader's Digest Výber
Date of publication, distribution, etc. 2009
300 ## - PHYSICAL DESCRIPTION
Extent 400 s.
Other physical details fareb. fotogr.
Dimensions 26 cm
504 ## - BIBLIOGRAPHY, ETC. NOTE
Bibliography, etc. note Reg.
650 07 - SUBJECT ADDED ENTRY--TOPICAL TERM
Topical term or geographic name entry element starnutie
Source of heading or term SNKPH
650 07 - SUBJECT ADDED ENTRY--TOPICAL TERM
Topical term or geographic name entry element starostlivosť o zdravie
Source of heading or term SNKPH
650 07 - SUBJECT ADDED ENTRY--TOPICAL TERM
Topical term or geographic name entry element zdravý životný štýl
Source of heading or term SNKPH
650 07 - SUBJECT ADDED ENTRY--TOPICAL TERM
Topical term or geographic name entry element telesné cvičenia
Source of heading or term SNKPH
650 07 - SUBJECT ADDED ENTRY--TOPICAL TERM
Topical term or geographic name entry element prevencia ochorení
Source of heading or term SNKPH
650 07 - SUBJECT ADDED ENTRY--TOPICAL TERM
Topical term or geographic name entry element Aging
Source of heading or term SNKPHeng
650 07 - SUBJECT ADDED ENTRY--TOPICAL TERM
Topical term or geographic name entry element Health care
Source of heading or term SNKPHeng
650 07 - SUBJECT ADDED ENTRY--TOPICAL TERM
Topical term or geographic name entry element Healthy lifestyle
Source of heading or term SNKPHeng
650 07 - SUBJECT ADDED ENTRY--TOPICAL TERM
Topical term or geographic name entry element Exercises
Source of heading or term SNKPHeng
650 07 - SUBJECT ADDED ENTRY--TOPICAL TERM
Topical term or geographic name entry element Prevention of diseases
Source of heading or term SNKPHeng
655 #7 - INDEX TERM--GENRE/FORM
Genre/form data or focus term populárno-náučné publikácie
Source of term SNKPH
655 #7 - INDEX TERM--GENRE/FORM
Genre/form data or focus term Popular works
Source of term SNKPHeng
700 1# - ADDED ENTRY--PERSONAL NAME
Personal name Gordon, Debra L.,
Dates associated with a name 1962-
Relationship aut
700 1# - ADDED ENTRY--PERSONAL NAME
Personal name Wachter, Jill
Relationship pht
700 1# - ADDED ENTRY--PERSONAL NAME
Personal name Ghaniová, Miriam
Relationship trl
942 ## - ADDED ENTRY ELEMENTS (KOHA)
Source of classification or shelving scheme Dewey Decimal Classification
Koha item type Krásna literatúra pre dospelých
Suppress in OPAC No
949 ## - LOCAL PROCESSING INFORMATION (OCLC)
6 17A0637669
a snkSB 78655
b snk2009/21659
o 2543/09
s 6100:20160606
949 ## - LOCAL PROCESSING INFORMATION (OCLC)
6 273K0511358
a svkpoC 50195
b svkpo520147
949 ## - LOCAL PROCESSING INFORMATION (OCLC)
6 17A0637670
a snkSB 78655 D1
b snk2009/21660
o 2543/09
p Digitalizovaný
949 ## - LOCAL PROCESSING INFORMATION (OCLC)
6 270001000339885
a svkbbC 52986
b svkbbm 704649
980 ## - EQUIVALENCE OR CROSS-REFERENCE-SERIES STATEMENT--PERSONAL NAME/TITLE [LOCAL, CANADA]
Personal name 612.67/.68
980 ## - EQUIVALENCE OR CROSS-REFERENCE-SERIES STATEMENT--PERSONAL NAME/TITLE [LOCAL, CANADA]
Personal name 613
Holdings
Stav vyradenia Strata Poškodenie Spôsob nadobudnutia Domovská knižnica Aktuálna knižnica Dátum nadobudnutia Total checkouts Čiarový kód exemplára Date last seen Typ exemplára
      Dar Obecná knižnica Horná Štubňa Obecná knižnica Horná Štubňa 26.03.2026   9788080970314 26.03.2026 Krásna literatúra pre dospelých
Projekt je podporený Slovenskou asociáciou knižníc
Prevádzkuje Turčianska knižnica Martin 2026